Statistics for NBA Teams All-Time Leading Postseason Shot Blocker

Click here to take the quiz!

General Stats

  • This quiz has been taken 26 times
  • The average score is 21 of 30

Answer Stats

TeamPointsPlayer% Correct
HOU468Hakeem Olajuwon
100%
NYK299Patrick Ewing
100%
SAS568Tim Duncan
96%
LAC116DeAndre Jordan
91%
LAL437Kareem Abdul-Jabbar
91%
MIN88Kevin Garnett
91%
CLE162LeBron James
87%
DAL129Dirk Nowitzki
83%
GSW214Draymond Green
83%
ORL158Dwight Howard
78%
MEM103Marc Gasol
78%
CHA44Alonzo Mourning
74%
MIA171Alonzo Mourning
74%
MIL105Giannis Antetokounmpo
74%
IND120Jermaine O'Neal
74%
DET215Ben Wallace
70%
CHI171Scottie Pippen
70%
OKL222Serge Ibaka
70%
TOR67Serge Ibaka
70%
BOS292Robert Parish
65%
NOP33Anthony Davis
61%
DEN76Dikembe Mutombo
61%
WAS212Elvin Hayes
57%
UTA210Mark Eaton
57%
PHO114Mark West
48%
SAC66Chris Webber
43%
PHI239Julius Erving
43%
POR84Cliff Robinson
30%
BKN70Kenyon Martin
30%
ATL118Tree Rollins
17%

Score Distribution

Percentile by Number Answered

Percent of People with Each Score

Your Score History

You have not taken this quiz